Κατάλογος Βιβλιοθηκών Mediterranean College

A Common-Sense to Data Structures and Algorithms / Level Up Your Core Programming Skills (Record no. 9684)

MARC details
000 -LEADER
fixed length control field 01284cam a22002174a 4500
005 - ΗΜΕΡΟΜΗΝΙΑ ΚΑΙ ΩΡΑ ΤΕΛΕΥΤΑΙΑΣ ΕΝΗΜΕΡΩΣΗΣ
Πεδίο ελέγχου 20250605164406.0
008 - FIXED-LENGTH DATA ELEMENTS--GENERAL INFORMATION
Πεδίο ελέγχου σταθερού μήκους 250528s ||||||||||||||||||||||||d
035 ## - SYSTEM CONTROL NUMBER
System control number 24845
020 ## - ISBN
ISBN 9781680507225
040 ## - ΠΗΓΗ ΚΑΤΑΛΟΓΟΓΡΑΦΗΣΗΣ
Φορέας πρωτότυπης καταλογογράφησης MC Athens Campus Library
Γλώσσα καταλογογράφησης Ελληνικά, Μοντέρνα (1453-)
Modifying agency MC Athens Campus Library
Κανόνες περιγραφικής καταλογογράφησης AACR2
245 1# - ΤΙΤΛΟΣ ΚΑΙ ΔΗΛΩΣΗ ΥΠΕΥΘΥΝΟΤΗΤΑΣ
Τίτλος A Common-Sense to Data Structures and Algorithms / Level Up Your Core Programming Skills
260 ## - PUBLICATION, DISTRIBUTION, ETC.
Date of publication, distribution, etc. 2020
300 ## - PHYSICAL DESCRIPTION
Extent 488
520 ## - SUMMARY, ETC.
Summary, etc. Preface, Why Data Structures Matter, Why Algorithms Matter, O Yes! Big O Notation, Speeding Up Your Code with Big O, Optimizing Code With and Without Big O, Optimizing for Optimistic Scenarios, Big O in Everyday Code, Blazing Fast Lookup with Hash Tables, Crafting Elegant Code with Stacks and Queues, Recursively Recurse with Recursion, Learning to Write in Recursive, Dynamic Programming, Recursive Algorithms for Speed, Node-Based Data Structures, Speeding Up All the Things with Binary Search Trees, Keeping Your Priorities Straight with Heaps, It Doesn't Hurt to Trie, Connecting Everything with Graphs, Dealing with Space Constraints, Techniques for Code Optimization, Exercise Solutions, Index.
700 1# - ΠΡΟΣΘΕΤΗ ΑΝΑΓΡΑΦΗ--ΦΥΣΙΚΟ ΠΡΟΣΩΠΟ
Personal name Macdonald Brian
9 (RLIN) 9586
700 1# - ΠΡΟΣΘΕΤΗ ΑΝΑΓΡΑΦΗ--ΦΥΣΙΚΟ ΠΡΟΣΩΠΟ
Personal name Wengrow Jay
9 (RLIN) 9587
710 2# - ΠΡΟΣΘΕΤΗ ΑΝΑΓΡΑΦΗ--ΣΥΛΛΟΓΙΚΟ ΟΡΓΑΝΟ
Corporate name or jurisdiction name as entry element The Pragmatic Programmers
9 (RLIN) 9840
942 ## - ADDED ENTRY ELEMENTS (KOHA)
Koha item type Books
Holdings
Τύπος τεκμηρίου Βιβλιοθήκη Τρέχουσα τοποθεσία Barcode Αριθμός εισαγωγής Ημερομηνία απόκτησης Ταξιθετικό σύμβολο Αριθμός αντιτύπου Κατάσταση απόσυρσης Κατάσταση χαμένου Κατάσταση κατεστραμμένου Μη δανεισμός Σύνολο δανεισμών Ημερομηνία τελευταίας εμφάνισης Η τιμή ισχύει από
Books MC Athens Campus Library MC Athens Campus Library 9780000096838 7782 05/06/2025 005.73 WEN 1           05/06/2025 05/06/2025

MC Athens Campus Library
Πατησίων 94 & Κοδριγκτώνος 13, 104 34
Πελλήνης 8 & Πατησίων 107, 112 51
Τ: +30 210 8899600

MC Thessaloniki Campus Library
Ίωνος Δραγούμη 21, 54625 | Ίωνος Δραγούμη 15, 54625
Τ: +30 2310 287779 – Τ: +30 2314 440300